Extremely Hard General Knowledge #45 - Statistics

General Stats
  • This quiz has been taken 362 times
  • The average score is 4 of 20
Answer Stats
Hint Answer % Correct
Which Spanish conquistador led the expedition from 1519-1521 that led to the fall of the Aztec Empire? Hernán Cortés
68%
What name is given to both the person in the Bible who has the longest (969 years) lifespan and a 6-litre bottle of wine? Methuselah
48%
The flag of which country is a blue field with a large yellow disk shifted slightly to the left? Palau
46%
Which scale used for measuring the hardness of minerals ranges from 1 (Talc) to 10 (Diamond)? {Mohs} scale
38%
Who holds the records for the longest winning streak on Jeopardy! with 74 wins? Ken Jennings
27%
What is the middle name of U.S. President Joseph Biden? Robinette
27%
What was the name of the boxer, portrayed by Mr. T, who fought Rocky Balboa in Rocky III? Clubber Lang
26%
To the nearest whole number, how many times wider is Jupiter than the Earth? 11
24%
Maurice Garin won the first ever Tour de France in which year? 1903
19%
Which South African became the first and only African to win the Formula One World Championship when he won in 1979? Jody Scheckter
17%
What is the name of the resort in Singapore that features a long ship-like platform atop three towers? Marina Bay Sands
14%
What is the French word for oysters? Huîtres
13%
What name is given to the motorway that is known as the Manchester Outer Ring Road? M60
10%
Who led the National Woman's Suffrage Association (NWSA) alongside Susan B. Anthony? Elizabeth Cady Stanton
8%
What is the Latin name for the heelbone? Calcaneus
7%
Which Mexican dictator was the President of Mexico from 1884 until he was forced to resign and move to Spain in 1911? Porfirio Díaz
5%
Which Hollywood director has directed multiples music videos such as "Vogue" by Madonna and "Freedom!" by George Michael? David Fincher
4%
Bob Dylan won the Best Original Song Oscar with his song "Things Have Changed" for which film? Wonder Boys (2000)
3%
What is the name of the American gospel group led by Kanye West that was formed in 2019? Sunday Service Choir
3%
What is the name of the longest river of Denmark? Gudenå
1%
No matching quizzes found
Score Distribution
Percent of People with Each Score
Percentile by Number Answered
Your Score History
You have not taken this quiz